[Event "San Vicente op 8th"]
[Site "San Vicente"]
[Date "2024.03.27"]
[Round "1"]
[White "Vardakas, Grigorios"]
[Black "Zhu, Jiner"]
[Result "0-1"]
[WhiteElo "2043"]
[BlackElo "2467"]
[PlyCount "66"]
[EventDate "2024.03.27"]
[EventType "swiss"]
[EventRounds "9"]
[EventCountry "ESP"]
[SourceTitle "CB14_2024"]
[SourceDate "2024.04.01"]
[SourceVersion "1"]
[SourceVersionDate "2024.04.01"]
[SourceQuality "1"]

1. Nf3 d5 2. d4 Nf6 3. c4 e6 4. e3 Bd6 5. Nc3 0-0 6. Qc2 b6 7. cxd5 exd5 8. Bd2 c5 9. Be2 Bb7 10. 0-0 Nc6 11. dxc5 bxc5 12. Nb5 Be7 13. Rfd1 a6 14. Nc3 Bd6 15. Na4 Ne4 16. Be1 Re8 17. Nd2 Nb4 18. Qc1 Nxd2 19. Bxd2 Qe7 20. Bxb4 cxb4 21. Bf3 Qe5 22. g3 Qf5 23. Bg2 Rac8 24. Qb1 Qf6 25. Qd3 Rcd8 26. Rac1 Be5 27. b3 Bc8 28. Bxd5 Bg4 29. Rf1 Bf3 30. e4 Rd6 31. Nc5 Bc3 32. Qc2 Qh6 33. Qd3 Qxh2+ 0-1

[Event "GRE-chT 50th"]
[Site "Nikaia"]
[Date "2023.08.27"]
[Round "4.8"]
[White "Trapalis, Theodoros"]
[Black "Vardakas, Grigorios"]
[Result "1/2-1/2"]
[WhiteElo "1751"]
[BlackElo "2093"]
[PlyCount "102"]
[EventDate "2023.08.25"]
[EventType "team"]
[EventRounds "9"]
[EventCountry "GRE"]
[SourceTitle "EXT 2024"]
[Source "ChessBase"]
[SourceDate "2023.10.10"]
[SourceVersion "1"]
[SourceVersionDate "2023.10.10"]
[SourceQuality "1"]
[WhiteTeam "Piraikos"]
[BlackTeam "Amo Galaxias"]
[WhiteTeamCountry "GRE"]
[BlackTeamCountry "GRE"]

1. d4 Nf6 2. c4 e6 3. Nc3 Bb4 4. e3 0-0 5. Bd3 d5 6. Nge2 dxc4 7. Bxc4 c5 8. a3 Bxc3+ 9. Nxc3 cxd4 10. exd4 Nc6 11. Be3 b6 12. 0-0 Bb7 13. Re1 Rc8 14. Bd3 Ne7 15. Qe2 Ned5 16. Nxd5 Qxd5 17. f3 Rfd8 18. Rad1 Rd7 19. Bf2 Qh5 20. Rc1 Rdd8 21. Ba6 Qd5 22. Rxc8 Rxc8 23. Bd3 Qb3 24. Bb1 Qc4 25. Bd3 Qd5 26. Bb1 Qd7 27. Qe5 Qc7 28. Qxc7 Rxc7 29. Be3 Nd5 30. Rc1 Rxc1+ 31. Bxc1 Ne7 32. Kf2 g6 33. Bg5 Nc8 34. Bf4 Kf8 35. Ke3 Ke7 36. Bg3 Kd7 37. h4 Ne7 38. Bf2 Nd5+ 39. Kd2 Nf4 40. g3 Nh3 41. Be3 Bxf3 42. Bd3 h5 43. Bf1 Bg4 44. Kc3 f6 45. Kc4 g5 46. Kb5 gxh4 47. gxh4 Kc7 48. Ka6 Kb8 49. Kb5 Kc7 50. Ka6 Kb8 51. Kb5 Kc7 1/2-1/2

[Event "GRE-chT 50th"]
[Site "Nikaia"]
[Date "2023.08.26"]
[Round "2.8"]
[White "Vardakas, Grigorios"]
[Black "Tzovanis, Anastasios Anagnost"]
[Result "1/2-1/2"]
[WhiteElo "2093"]
[BlackElo "1886"]
[PlyCount "45"]
[EventDate "2023.08.25"]
[EventType "team"]
[EventRounds "9"]
[EventCountry "GRE"]
[SourceTitle "EXT 2024"]
[Source "ChessBase"]
[SourceDate "2023.10.10"]
[SourceVersion "1"]
[SourceVersionDate "2023.10.10"]
[SourceQuality "1"]
[WhiteTeam "Amo Galaxias"]
[BlackTeam "Kalamarias"]
[WhiteTeamCountry "GRE"]
[BlackTeamCountry "GRE"]

1. d4 Nf6 2. c4 g6 3. Nc3 d5 4. cxd5 Nxd5 5. e4 Nxc3 6. bxc3 Bg7 7. Be3 c5 8. Qd2 Qa5 9. Rc1 cxd4 10. cxd4 Qxd2+ 11. Kxd2 0-0 12. Bb5 Nc6 13. Bxc6 bxc6 14. Ne2 Rd8 15. Rhd1 e5 16. Ke1 Be6 17. Rc2 a5 18. dxe5 Rxd1+ 19. Kxd1 Bxe5 20. Nf4 Bxf4 21. Bxf4 Rd8+ 22. Rd2 Rxd2+ 23. Bxd2 1/2-1/2

[Event "FRM-chT2"]
[Site "Struga"]
[Date "2023.07.04"]
[Round "7.2"]
[White "Vardakas, Grigorios"]
[Black "Andonov, Todor"]
[Result "1/2-1/2"]
[WhiteElo "2091"]
[BlackElo "2210"]
[PlyCount "20"]
[EventDate "2023.06.30"]
[EventType "team-tourn"]
[EventRounds "7"]
[EventCountry "MKD"]
[SourceTitle "EXT 2024"]
[Source "ChessBase"]
[SourceDate "2023.10.10"]
[SourceVersion "1"]
[SourceVersionDate "2023.10.10"]
[SourceQuality "1"]

1. d4 Nf6 2. c4 e6 3. Nf3 b6 4. e3 Bb7 5. Be2 Be7 6. 0-0 0-0 7. Nc3 Ne4 8. Nxe4 Bxe4 9. Bd3 Bxd3 10. Qxd3 d6 1/2-1/2

[Event "FRM-chT2"]
[Site "Struga"]
[Date "2023.07.02"]
[Round "4.2"]
[White "Vardakas, Grigorios"]
[Black "Glavinac, Goran"]
[Result "1/2-1/2"]
[WhiteElo "2091"]
[BlackElo "2019"]
[PlyCount "85"]
[EventDate "2023.06.30"]
[EventType "team-tourn"]
[EventRounds "7"]
[EventCountry "MKD"]
[SourceTitle "EXT 2024"]
[Source "ChessBase"]
[SourceDate "2023.10.10"]
[SourceVersion "1"]
[SourceVersionDate "2023.10.10"]
[SourceQuality "1"]

1. d4 d5 2. c4 e6 3. Nf3 Nf6 4. g3 Bb4+ 5. Bd2 Be7 6. Bg2 Nbd7 7. Qc2 c6 8. 0-0 0-0 9. Bf4 Ne4 10. Nc3 f5 11. Ne5 Nxe5 12. Bxe5 Bd7 13. a3 Be8 14. b4 Nd6 15. Bxd6 Qxd6 16. c5 Qc7 17. f4 g5 18. e3 g4 19. h3 h5 20. hxg4 hxg4 21. Rfb1 b6 22. Ne2 Bd7 23. Nc1 bxc5 24. bxc5 Rfb8 25. Rxb8+ Rxb8 26. Rb1 Bc8 27. Bf1 Rxb1 28. Qxb1 Qb7 29. Qb4 Bd8 30. Nd3 Bc7 31. Qxb7 Bxb7 32. Nb4 Ba5 33. Kf2 Kf7 34. Ke1 Ke7 35. Kd2 Kd7 36. Kc3 Bd8 37. Kb3 Kc8 38. Kc3 Kd7 39. Kb3 Kc8 40. Ka4 Kd7 41. Nc2 Kc8 42. Be2 Kd7 43. Nb4 1/2-1/2

[Event "FRM-chT2"]
[Site "Struga"]
[Date "2023.07.01"]
[Round "3.2"]
[White "Mustafi, Mehaz"]
[Black "Vardakas, Grigorios"]
[Result "0-1"]
[WhiteElo "1858"]
[BlackElo "2091"]
[PlyCount "27"]
[EventDate "2023.06.30"]
[EventType "team-tourn"]
[EventRounds "7"]
[EventCountry "MKD"]
[SourceTitle "EXT 2024"]
[Source "ChessBase"]
[SourceDate "2023.10.10"]
[SourceVersion "1"]
[SourceVersionDate "2023.10.10"]
[SourceQuality "1"]

1. e4 e5 2. Nf3 Nc6 3. Bb5 a6 4. Ba4 Nf6 5. d3 d6 6. h3 b5 7. Bb3 Na5 8. Nc3 Be7 9. Be3 Bd7 10. Qd2 0-0 11. Ne2 Nxb3 12. axb3 c5 13. Ng3 d5 14. Bg5 0-1

[Event "GRE-ch U20"]
[Site "Trikala"]
[Date "2022.08.26"]
[Round "2"]
[White "Vardakas, Grigorios"]
[Black "Tsilidis, Christos"]
[Result "1/2-1/2"]
[WhiteElo "2153"]
[BlackElo "1810"]
[PlyCount "117"]
[EventDate "2022.08.25"]
[EventType "swiss"]
[EventRounds "9"]
[EventCountry "GRE"]
[SourceTitle "CBM 210 Extra"]
[Source "ChessBase"]
[SourceDate "2022.11.30"]
[SourceVersion "1"]
[SourceVersionDate "2022.11.30"]
[SourceQuality "1"]

1. Nf3 d5 2. g3 Nf6 3. Bg2 c5 4. 0-0 Nc6 5. d4 e6 6. c4 dxc4 7. dxc5 Qxd1 8. Rxd1 Bxc5 9. Nbd2 c3 10. bxc3 0-0 11. Nb3 Be7 12. Nfd4 Bd7 13. Nb5 Rfd8 14. Nd6 Bxd6 15. Rxd6 Be8 16. Rxd8 Rxd8 17. Ba3 b6 18. Kf1 Ne5 19. Be7 Rd7 20. Bxf6 gxf6 21. Ke1 Kf8 22. h3 Ke7 23. Nd2 Rc7 24. f4 Nc4 25. Nxc4 Rxc4 26. Kd2 f5 27. Rb1 Ra4 28. Rb2 Kd6 29. e3 Bc6 30. Bxc6 Kxc6 31. Kd3 b5 32. g4 a5 33. gxf5 exf5 34. Rg2 Ra3 35. Kd4 f6 36. Rc2 Ra4+ 37. Kd3 Kd5 38. Rb2 Kc5 39. h4 Ra3 40. Rc2 h5 41. Kd2 Kc4 42. Rb2 Rxc3 43. Rxb5 Rd3+ 44. Kc2 Ra3 45. Rxf5 Rxa2+ 46. Kb1 Rh2 47. Rxf6 Rxh4 48. e4 Rh1+ 49. Ka2 Kb4 50. e5 a4 51. Rb6+ Kc5 52. Rb8 Rf1 53. Rf8 Kd5 54. Rd8+ Ke6 55. Rd6+ Ke7 56. Rf6 h4 57. f5 h3 58. Rh6 Rxf5 59. Rxh3 1/2-1/2

[Event "Thessaloniki op 1st"]
[Site "Thessaloniki"]
[Date "2022.08.06"]
[Round "5"]
[White "Papadimitriou, Loukas"]
[Black "Vardakas, Grigorios"]
[Result "1/2-1/2"]
[WhiteElo "1926"]
[BlackElo "2153"]
[PlyCount "88"]
[EventDate "2022.08.03"]
[EventType "swiss"]
[EventRounds "9"]
[EventCountry "GRE"]
[SourceTitle "CBM 209 Extra"]
[Source "ChessBase"]
[SourceDate "2022.09.30"]
[SourceVersion "1"]
[SourceVersionDate "2022.09.30"]
[SourceQuality "1"]

1. d4 Nf6 2. c4 e6 3. Nf3 Bb4+ 4. Nbd2 b6 5. a3 Bxd2+ 6. Qxd2 Bb7 7. e3 0-0 8. Be2 Ne4 9. Qc2 f5 10. b4 a5 11. b5 d6 12. Bb2 Nd7 13. 0-0 Qe8 14. Rad1 Qg6 15. Ne1 Qh6 16. Bc1 g5 17. f3 Nef6 18. Nd3 Qg7 19. c5 bxc5 20. dxc5 Bd5 21. c6 Nb6 22. Nf2 a4 23. Qd2 Bb3 24. Rde1 Nc4 25. Qd4 Nd5 26. Qxg7+ Kxg7 27. e4 Nde3 28. Bxc4 Nxc4 29. exf5 exf5 30. Re7+ Rf7 31. Rfe1 h6 32. h4 Rb8 33. hxg5 hxg5 34. Nh3 Ne5 35. R1xe5 dxe5 36. Rxe5 Bc4 37. Nxg5 Rxb5 38. Nxf7 Kxf7 39. Bf4 Rxe5 40. Bxe5 Bb5 41. Bxc7 Bxc6 42. Kf2 Kg6 43. Ke3 Bd5 44. Kf4 Bb3 1/2-1/2

[Event "Primorsko Ropotamo"]
[Site "Primorsko"]
[Date "2022.06.05"]
[Round "7"]
[White "Georgiev, Todor"]
[Black "Vardakas, Grigorios"]
[Result "1/2-1/2"]
[WhiteElo "2279"]
[BlackElo "2172"]
[PlyCount "132"]
[EventDate "2022.06.01"]
[EventType "tourn"]
[EventRounds "9"]
[EventCountry "BUL"]
[SourceTitle "EXT 2023"]
[Source "ChessBase"]
[SourceDate "2022.10.05"]
[SourceVersion "1"]
[SourceVersionDate "2022.10.05"]
[SourceQuality "1"]

1. d4 Nf6 2. Nf3 e6 3. Bf4 c5 4. c3 cxd4 5. cxd4 d5 6. Nc3 Bd6 7. Bxd6 Qxd6 8. e3 0-0 9. Ne5 Nc6 10. f4 Bd7 11. Bd3 Be8 12. Rc1 Nd7 13. 0-0 a6 14. Nxc6 Qxc6 15. f5 Qd6 16. Qf3 Nf6 17. g4 h6 18. Rc2 Bc6 19. Rg2 exf5 20. Qxf5 Qe6 21. Qf3 Rae8 22. Rg3 Re7 23. Bf5 Qd6 24. g5 Ne4 25. Bxe4 dxe4 26. Qh5 hxg5 27. Rxg5 Re6 28. Rg2 Rh6 29. Qg4 g6 30. Nxe4 Bxe4 31. Qxe4 Qb4 32. Rff2 Rc8 33. Rf1 Qb6 34. Rgf2 Qc7 35. Qf4 Qxf4 36. Rxf4 f5 37. Kg2 Rh7 38. R1f2 Re7 39. Re2 Rce8 40. Kf3 Kg7 41. e4 Kf6 42. h4 Rc7 43. h5 Rxe4 44. Rexe4 g5 45. Re5 gxf4 46. Kxf4 Rc2 47. Rxf5+ Kg7 48. Rc5 Rxb2 49. Ke5 Rxa2 50. Rc7+ Kh6 51. Rxb7 a5 52. Ra7 a4 53. d5 a3 54. d6 Re2+ 55. Kf6 Rf2+ 56. Ke7 Re2+ 57. Kd8 a2 58. Ra5 Rd2 59. d7 Rc2 60. Ke7 Re2+ 61. Kf6 Rd2 62. Ke5 Re2+ 63. Kf4 Rd2 64. Kg4 Rxd7 65. Ra6+ Kh7 66. Rxa2 Rd4+ 1/2-1/2

[Event "Primorsko Ropotamo"]
[Site "Primorsko"]
[Date "2022.06.05"]
[Round "6"]
[White "Vardakas, Grigorios"]
[Black "Kanov, Nikola"]
[Result "0-1"]
[WhiteElo "2172"]
[BlackElo "2186"]
[PlyCount "90"]
[EventDate "2022.06.01"]
[EventType "tourn"]
[EventRounds "9"]
[EventCountry "BUL"]
[SourceTitle "EXT 2023"]
[Source "ChessBase"]
[SourceDate "2022.10.05"]
[SourceVersion "1"]
[SourceVersionDate "2022.10.05"]
[SourceQuality "1"]

1. Nf3 Nf6 2. c4 c5 3. Nc3 e6 4. g3 Nc6 5. Bg2 Qb6 6. 0-0 Be7 7. e3 0-0 8. d4 cxd4 9. exd4 d5 10. c5 Qd8 11. Rb1 Ne4 12. Qc2 f5 13. b4 Bf6 14. Rd1 a5 15. a3 axb4 16. axb4 Bd7 17. b5 Na7 18. Bf1 Be8 19. Be2 Bh5 20. Kg2 g5 21. c6 Rc8 22. Nxe4 fxe4 23. Ne5 Bxe2 24. Qxe2 Bxe5 25. cxb7 Rxc1 26. Rdxc1 Bxd4 27. Rc8 Nxc8 28. b8Q Qf6 29. Qc7 Nb6 30. Rf1 Nc4 31. Kg1 Ne5 32. b6 Nf3+ 33. Kg2 Be5 34. Qd7 g4 35. Qe3 Ng5 36. b7 Qh6 37. h4 gxh3+ 38. Kh1 Qf6 39. Rc1 d4 40. Qe2 d3 41. Qh5 Bb8 42. Rc8 Qa1+ 43. Kh2 Bxg3+ 44. Kxg3 Qg1+ 45. Kh4 Qxf2+ 0-1

[Event "Primorsko Ropotamo"]
[Site "Primorsko"]
[Date "2022.06.04"]
[Round "5"]
[White "Vardakas, Grigorios"]
[Black "Marholev, Dimitar"]
[Result "1/2-1/2"]
[WhiteElo "2172"]
[BlackElo "2177"]
[PlyCount "27"]
[EventDate "2022.06.01"]
[EventType "tourn"]
[EventRounds "9"]
[EventCountry "BUL"]
[SourceTitle "EXT 2023"]
[Source "ChessBase"]
[SourceDate "2022.10.05"]
[SourceVersion "1"]
[SourceVersionDate "2022.10.05"]
[SourceQuality "1"]

1. Nf3 Nf6 2. c4 g6 3. b3 Bg7 4. Bb2 0-0 5. g3 c5 6. Bg2 Nc6 7. 0-0 b6 8. Ne5 Bb7 9. Bxc6 Bxc6 10. Nxc6 dxc6 11. d3 Qd7 12. Nd2 Ne8 13. Bxg7 Nxg7 14. Kg2 1/2-1/2

[Event "Primorsko Ropotamo"]
[Site "Primorsko"]
[Date "2022.06.02"]
[Round "2"]
[White "Georgiev, Krum"]
[Black "Vardakas, Grigorios"]
[Result "1/2-1/2"]
[WhiteElo "2307"]
[BlackElo "2172"]
[PlyCount "30"]
[EventDate "2022.06.01"]
[EventType "tourn"]
[EventRounds "9"]
[EventCountry "BUL"]
[SourceTitle "EXT 2023"]
[Source "ChessBase"]
[SourceDate "2022.10.05"]
[SourceVersion "1"]
[SourceVersionDate "2022.10.05"]
[SourceQuality "1"]

1. e4 c5 2. Nf3 d6 3. Bb5+ Nd7 4. c4 Ngf6 5. Nc3 g6 6. 0-0 Bg7 7. Ne1 0-0 8. f4 Nb6 9. d3 a6 10. Ba4 Nxa4 11. Qxa4 Bd7 12. Qd1 b5 13. Nc2 b4 14. Ne2 e6 15. Ne3 Bc6 1/2-1/2

[Event "Novi Sad Mix Putnik 20"]
[Site "Novi Sad"]
[Date "2022.02.01"]
[Round "3.6"]
[White "Korelskiy, Egor"]
[Black "Vardakas, Grigorios"]
[Result "0-1"]
[WhiteElo "1748"]
[BlackElo "2149"]
[PlyCount "136"]
[EventDate "2022.01.31"]
[EventType "swiss"]
[EventRounds "9"]
[EventCountry "SRB"]
[SourceTitle "CBM 206 Extra"]
[Source "ChessBase"]
[SourceDate "2022.03.31"]
[SourceVersion "1"]
[SourceVersionDate "2022.03.31"]
[SourceQuality "1"]

1. e4 e5 2. Nf3 Nc6 3. Bb5 a6 4. Ba4 g6 5. 0-0 Bg7 6. c3 d6 7. h3 Nge7 8. d4 Bd7 9. Bg5 b5 10. Bb3 h6 11. Bxe7 Qxe7 12. dxe5 dxe5 13. a4 0-0 14. axb5 axb5 15. Rxa8 Rxa8 16. Na3 Na5 17. Ba2 c5 18. Bd5 Rd8 19. Nc2 c4 20. Ne3 h5 21. Qe2 Nb3 22. Rd1 Nc5 23. Ne1 Bh6 24. Qd2 Bxe3 25. Qxe3 Be6 26. Rd2 Bxd5 27. exd5 Qd6 28. Kf1 Rd7 29. Rd1 f6 30. Kg1 Kg7 31. Qg3 e4 32. Qe3 Nd3 33. f3 Nxe1 34. Rxe1 Qxd5 35. fxe4 Qe5 36. Qf2 Re7 37. Kf1 Qh2 38. Qd4 Qf4+ 39. Kg1 Qe5 40. Qxe5 Rxe5 41. Kf2 Kf7 42. Kf3 h4 43. Ra1 f5 44. exf5 Rxf5+ 45. Ke2 Re5+ 46. Kf2 Kf6 47. Rd1 Rf5+ 48. Ke2 Ke5 49. Rd8 Ke6 50. Rd4 g5 51. Rd8 Ke5 52. Rd4 Rf8 53. Rd7 Ke6 54. Rd4 Ra8 55. Re4+ Kd5 56. Rg4 Ra2 57. Rxg5+ Kc6 58. Rg4 Rxb2+ 59. Kd1 Kb6 60. Kc1 Rf2 61. Rxh4 Ka5 62. Rg4 Ka4 63. h4 Kb3 64. h5 b4 65. cxb4 c3 66. Kd1 c2+ 67. Ke1 Rf5 68. Kd2 Rd5+ 0-1

[Event "GRE-chT2 48th"]
[Site "Thessaloniki"]
[Date "2021.10.08"]
[Round "5.6"]
[White "Vardakas, Grigorios"]
[Black "Brunello, Sabino"]
[Result "0-1"]
[WhiteElo "2135"]
[BlackElo "2499"]
[PlyCount "72"]
[EventDate "2021.10.05"]
[EventType "team-swiss"]
[EventRounds "7"]
[EventCountry "GRE"]
[SourceTitle "CBM 204 Extra"]
[Source "ChessBase"]
[SourceDate "2021.11.30"]
[SourceVersion "1"]
[SourceVersionDate "2021.11.30"]
[SourceQuality "1"]
[WhiteTeam "Katerinis"]
[BlackTeam "Polygyrou ASO"]
[WhiteTeamCountry "GRE"]
[BlackTeamCountry "GRE"]

1. d4 Nf6 2. c4 e6 3. g3 c5 4. d5 exd5 5. cxd5 d6 6. Nc3 g6 7. Bg2 Bg7 8. Nf3 0-0 9. 0-0 Nbd7 10. Bf4 Qe7 11. Re1 Ng4 12. Qc1 a6 13. a4 Rb8 14. a5 b5 15. axb6 Rxb6 16. e4 Nde5 17. Nxe5 Nxe5 18. Qc2 g5 19. Bxe5 Bxe5 20. Ra2 f5 21. exf5 Bxf5 22. Be4 Bd4 23. Re2 Bg4 24. Rd2 Rb4 25. Ra4 Bxc3 26. bxc3 Rxa4 27. Qxa4 Bf3 28. Bxf3 Qe1+ 29. Kg2 Qxd2 30. Qd7 Qe1 31. h4 gxh4 32. Qg4+ Kh8 33. Qxh4 Qxc3 34. Be4 Qg7 35. f4 Re8 36. g4 Qe7 0-1

[Event "Primorsko op"]
[Site "Primorsko"]
[Date "2021.09.18"]
[Round "6"]
[White "Hristov, Petar"]
[Black "Vardakas, Grigorios"]
[Result "0-1"]
[WhiteElo "1949"]
[BlackElo "2140"]
[PlyCount "60"]
[EventDate "2021.09.13"]
[EventType "swiss"]
[EventRounds "9"]
[EventCountry "BUL"]
[SourceTitle "CBM 204 Extra"]
[Source "ChessBase"]
[SourceDate "2021.11.30"]
[SourceVersion "1"]
[SourceVersionDate "2021.11.30"]
[SourceQuality "1"]

1. c4 e6 2. Nc3 d5 3. d4 Nf6 4. Nf3 Be7 5. Bf4 0-0 6. e3 a6 7. Bd3 dxc4 8. Bxc4 b5 9. Bd3 Bb7 10. 0-0 Nbd7 11. Ne5 c5 12. Qe2 cxd4 13. exd4 Nb6 14. Rfd1 b4 15. Ne4 Nxe4 16. Bxe4 Bxe4 17. Qxe4 Qd5 18. Qxd5 Nxd5 19. Nc6 Rfe8 20. Nxe7+ Nxe7 21. Rac1 Nd5 22. Bg3 Kf8 23. Rc5 Ke7 24. Kf1 Kd7 25. Rdc1 Rac8 26. Ke2 Rxc5 27. dxc5 Kc6 28. Bd6 a5 29. a3 a4 30. axb4 Nxb4 0-1

[Event "Kavala op 30th"]
[Site "Kavala"]
[Date "2021.08.06"]
[Round "7"]
[White "Stoyanov, Tsvetan"]
[Black "Vardakas, Grigorios"]
[Result "1-0"]
[WhiteElo "2383"]
[BlackElo "2099"]
[PlyCount "55"]
[EventDate "2021.08.01"]
[EventType "swiss"]
[EventRounds "9"]
[EventCountry "GRE"]
[SourceTitle "CBM 203 Extra"]
[Source "ChessBase"]
[SourceDate "2021.09.30"]
[SourceVersion "1"]
[SourceVersionDate "2021.09.30"]
[SourceQuality "1"]

1. e4 c5 2. Nf3 d6 3. d4 cxd4 4. Nxd4 Nf6 5. Nc3 a6 6. Bc4 e6 7. Bb3 Be7 8. g4 h6 9. Be3 Bd7 10. f3 Nc6 11. Qe2 Qc7 12. 0-0-0 b5 13. h4 b4 14. Na4 Nxd4 15. Bxd4 Bb5 16. Qf2 Qc6 17. Nb6 Rb8 18. g5 Nh5 19. g6 Nf4 20. gxf7+ Kxf7 21. Kb1 Bf6 22. Bxf6 gxf6 23. Qh2 Rxb6 24. Qxf4 Qc5 25. Qg4 Bc4 26. Rhg1 Rf8 27. e5 Bxb3 28. Qh5+ 1-0

[Event "GRE-ch Online Rapid op 1st"]
[Site "Tornelo INT"]
[Date "2021.02.06"]
[Round "2"]
[White "Vardakas, Grigorios"]
[Black "Tampakis, Vasileios"]
[Result "1-0"]
[WhiteElo "1924"]
[BlackElo "1253"]
[PlyCount "77"]
[EventDate "2021.02.06"]
[EventType "swiss (rapid)"]
[EventRounds "8"]
[EventCountry "GRE"]
[SourceTitle "EXT 2023"]
[Source "ChessBase"]
[SourceDate "2022.10.05"]
[SourceVersion "1"]
[SourceVersionDate "2022.10.05"]
[SourceQuality "1"]

1. Nf3 Nf6 2. c4 g6 3. b3 Bg7 4. Bb2 0-0 5. g3 d6 6. Bg2 e5 7. d3 Nc6 8. Nc3 Be6 9. 0-0 Nd7 10. Nd2 f5 11. Nd5 Rb8 12. b4 Ne7 13. e3 c6 14. Nxe7+ Qxe7 15. d4 e4 16. Qc2 d5 17. cxd5 Bxd5 18. a4 a6 19. a5 Rf7 20. Ba3 Qe6 21. Rfc1 Bf8 22. Bf1 g5 23. Bc4 Nf6 24. Nb3 Bxc4 25. Qxc4 Nd5 26. Nc5 Qf6 27. Qe2 Qg6 28. Kh1 Bd6 29. b5 axb5 30. a6 bxa6 31. Nxa6 Bxa3 32. Nxb8 Bxc1 33. Rxc1 Rc7 34. Rc5 Nb6 35. Qc2 Nc4 36. d5 Qd6 37. Rxc6 Rxc6 38. Nxc6 Qxd5 39. Ne7+ 1-0

[Event "GRE-ch U18 23rd"]
[Site "Rethymno"]
[Date "2020.01.07"]
[Round "8"]
[White "Vardakas, Grigorios"]
[Black "Kouvidis, Ioannis"]
[Result "1/2-1/2"]
[WhiteElo "2063"]
[BlackElo "2128"]
[PlyCount "79"]
[EventDate "2020.01.02"]
[EventType "swiss"]
[EventRounds "9"]
[EventCountry "GRE"]
[SourceTitle "EXT 2021"]
[Source "ChessBase"]
[SourceDate "2020.10.23"]
[SourceVersion "1"]
[SourceVersionDate "2020.10.23"]
[SourceQuality "1"]

1. e4 g6 2. d4 Bg7 3. Nc3 d6 4. Be3 a6 5. a4 b6 6. Nf3 Bb7 7. Bd3 Nd7 8. 0-0 Ngf6 9. h3 0-0 10. Qd2 e6 11. Bh6 e5 12. Bxg7 Kxg7 13. dxe5 Nxe5 14. Nxe5 dxe5 15. Qe3 Qe7 16. Bc4 Rad8 17. Rad1 Rxd1 18. Rxd1 Rd8 19. Rxd8 Qxd8 20. Qd3 Qa8 21. f3 a5 22. Nb5 Qf8 23. Kh2 Qc5 24. b3 Qe7 25. Nc3 h5 26. Qe3 Bc8 27. Nd5 Nxd5 28. Bxd5 Ba6 29. Qc3 h4 30. Qc6 Bc8 31. Qa8 Bd7 32. Bc6 Be6 33. Bd5 Bd7 34. Bc6 Qd6 35. Bxd7 Qxd7 36. Qb8 Qc6 37. c4 Qd7 38. Qa8 Qd6 39. Qe8 Qf6 40. Qd7 1/2-1/2

[Event "GRE-ch U18 23rd"]
[Site "Rethymno"]
[Date "2020.01.03"]
[Round "2"]
[White "Vardakas, Grigorios"]
[Black "Sifogiannakis, Andreas"]
[Result "1-0"]
[WhiteElo "2063"]
[BlackElo "1796"]
[PlyCount "65"]
[EventDate "2020.01.02"]
[EventType "swiss"]
[EventRounds "9"]
[EventCountry "GRE"]
[SourceTitle "EXT 2021"]
[Source "ChessBase"]
[SourceDate "2020.10.23"]
[SourceVersion "1"]
[SourceVersionDate "2020.10.23"]
[SourceQuality "1"]

1. d4 d5 2. c4 e6 3. Nf3 Nf6 4. Nc3 Be7 5. Bg5 0-0 6. e3 b6 7. cxd5 exd5 8. Bd3 Bb7 9. 0-0 Nbd7 10. Rc1 a6 11. Qe2 h6 12. Bf4 c5 13. dxc5 bxc5 14. h3 Qb6 15. Rfd1 Rfe8 16. Bf5 Rad8 17. Rd2 Nf8 18. Rcd1 Ne6 19. Be5 g6 20. Bc2 d4 21. exd4 cxd4 22. Nxd4 Nxd4 23. Bxd4 Qc6 24. Qf1 Qc7 25. Ba4 Qf4 26. Be3 Qe5 27. Bxe8 Bd6 28. Rxd6 Rxd6 29. Rxd6 Qxd6 30. Ba4 g5 31. Qd1 Qe6 32. Qd8+ Kg7 33. Bd4 1-0